Pakistan, a political study / (Record no. 344471)

000 -LEADER
fixed length control field 00591 a2200169 4500
020 ## - INTERNATIONAL STANDARD BOOK NUMBER
International Standard Book Number 9693505875
020 ## - INTERNATIONAL STANDARD BOOK NUMBER
International Standard Book Number 9789693505870
090 ## - LOCALLY ASSIGNED LC-TYPE CALL NUMBER (OCLC); LOCAL CALL NUMBER (RLIN)
-- 1968
-- 1968
100 1# - MAIN ENTRY--PERSONAL NAME
Personal name Pasha, Ahmed Shuja.
245 10 - TITLE STATEMENT
Title Pakistan, a political study /
Statement of responsibility, etc. Ahmed Shuja Pasha.
260 ## - PUBLICATION, DISTRIBUTION, ETC.
Place of publication, distribution, etc. [S.l.] :
Name of publisher, distributor, etc. Sang-e-Meel Publications,
Date of publication, distribution, etc. 1995.
300 ## - PHYSICAL DESCRIPTION
Extent 414 p. ;
Dimensions 22 cm.
500 ## - GENERAL NOTE
General note Hardcover.
856 40 - ELECTRONIC LOCATION AND ACCESS
Materials specified Amazon.com
Uniform Resource Identifier <a href="http://www.amazon.com/exec/obidos/ASIN/9693505875/chopaconline-20">http://www.amazon.com/exec/obidos/ASIN/9693505875/chopaconline-20</a>
856 40 - ELECTRONIC LOCATION AND ACCESS
Materials specified Amazon customer reviews
Uniform Resource Identifier <a href="http://www.chopac.org/cgi-bin/tools/azrev.pl?q=9693505875">http://www.chopac.org/cgi-bin/tools/azrev.pl?q=9693505875</a>
942 ## - ADDED ENTRY ELEMENTS (KOHA)
Institution code [OBSOLETE] NBS
Koha item type Book
Call number prefix 954.91 PAS
Holdings
Withdrawn status Lost status Damaged status Not for loan Permanent Location Current Location Date acquired Total Checkouts Full call number Barcode Date last seen Date last checked out Price effective from Koha item type Total Renewals
        Central Library (CL) Central Library (CL) 08/28/2013 1 954.91 PAS NBS2250 08/07/2025 08/28/2017 08/28/2013 Book  
        NUST Law School (NLS) NUST Law School (NLS) 08/28/2013 6 954.91 PAS NBS2814 09/17/2025 04/17/2025 08/28/2013 Book 1
© 2023 Central Library, National University of Sciences and Technology. All Rights Reserved.